| 000 | 00877nam a2200181Ia 4500 | ||
|---|---|---|---|
| 008 | 090630s9999 xx 000 0 und d | ||
| 082 | _b14980 | ||
| 100 | _aप्रा. गुजरकर के. गो. | ||
| 245 |
_aभू व जलसंधारण सिंचाई व निचरा. _cप्रा. गुजरकर के. गो. |
||
| 260 |
_bमहाराष्ट्र विद्यापीठ ग्रंथनिर्मिती मंडळ - नागपूर. _c1975 |
||
| 300 | _a404 | ||
| 600 | _aप्रा. गुजरकर के. गो. | ||
| 630 | _aभू व जलसंधारण सिंचाई व निचरा. | ||
| 655 | _aइतर. | ||
| 700 | _aप्रा. गुजरकर के. गो. | ||
| 730 | _aभू व जलसंधारण सिंचाई व निचरा. | ||
| 942 | _cBOOK | ||
| 999 |
_c266836 _d266836 |
||